LEADER 01939nam0 22004333i 450 001 VAN0248875 005 20230529022716.685 017 70$2N$a9783030358983 100 $a20220801d2020 |0itac50 ba 101 $aeng 102 $aCH 105 $a|||| ||||| 200 1 $aControl Theory of Infinite-Dimensional Systems$fJoachim Kerner, Hafida Laasri, Delio Mugnolo editors 210 $aCham$cBirkhäuser$d2020 215 $avii, 194 p.$cill.$d24 cm 410 1$1001VAN0036604$12001 $aOperator theory: advances and applications$1210 $aBasel$cBirkhäuser$v277 500 1$3VAN0248876$aControl Theory of Infinite-Dimensional Systems$92391159 606 $a00B25$xProceedings of conferences of miscellaneous specific interest [MSC 2020]$3VANC020732$2MF 606 $a93-XX$xSystems theory; control [MSC 2020]$3VANC027040$2MF 610 $aControl theory$9KW:K 610 $aControllability$9KW:K 610 $aOperators on graphs$9KW:K 610 $aOptimal control problems$9KW:K 610 $aPartial differential equations$9KW:K 610 $aStability of linear and nonlinear systems$9KW:K 610 $aSystems Theory$9KW:K 620 $aCH$dCham$3VANL001889 702 1$aKerner$bJoachim$3VANV203667 702 1$aLaasri$bHafida$3VANV203668 702 1$aMugnolo$bDelio$3VANV087555 712 $aBirkhäuser $3VANV108193$4650 801 $aIT$bSOL$c20230616$gRICA 856 4 $uhttp://doi.org/10.1007/978-3-030-35898-3$zE-book ? Accesso al full-text attraverso riconoscimento IP di Ateneo, proxy e/o Shibboleth 899 $aBIBLIOTECA DEL DIPARTIMENTO DI MATEMATICA E FISICA$1IT-CE0120$2VAN08 912 $fN 912 $aVAN0248875 950 $aBIBLIOTECA DEL DIPARTIMENTO DI MATEMATICA E FISICA$d08CONS e-book 4605 $e08eMF4605 20220801 996 $aControl Theory of Infinite-Dimensional Systems$92391159 997 $aUNICAMPANIA LEADER 01917nam0 2200433 i 450 001 VAN00100402 005 20240806100715.32 017 70$2N$a978-88-470-1388-9 100 $a20141230d2009 |0itac50 ba 101 $aita 102 $aIT 105 $a|||| ||||| 200 1 $aˆIl ‰futuro dell?Information & Communication Technology$etecnologie, timori e scenari futuri della global network revolution$fAntonio Teti 210 $aMilano$cSpringer$d2009 215 $aXII, 162 p.$d25 cm 500 1$3VAN00243663$aˆIl ‰futuro dell?Information & Communication Technology$91411444 606 $a68-XX$xComputer science [MSC 2020]$3VANC019670$2MF 606 $a68Mxx$xComputer system organization [MSC 2020]$3VANC027699$2MF 606 $a68P05$xData structures [MSC 2020]$3VANC023735$2MF 606 $a68U35$xComputing methodologies for information systems (hypertext navigation, interfaces, decision support, etc.) [MSC 2020]$3VANC030907$2MF 610 $aBusiness and management$9KW:K 610 $aGrid computing$9KW:K 610 $aInformatica$9KW:K 610 $aInformation technology$9KW:K 610 $aInternet$9KW:K 610 $aSocial Software$9KW:K 610 $aSociologia$9KW:K 610 $aTecnologia$9KW:K 620 $dMilano$3VANL000284 700 1$aTeti$bAntonio$3VANV078678$0514371 712 $aSpringer $3VANV108073$4650 801 $aIT$bSOL$c20240906$gRICA 856 4 $uhttps://doi.org/10.1007/978-88-470-1388-9$zE-book ? Accesso al full-text attraverso riconoscimento IP di Ateneo, proxy e/o Shibboleth 899 $aBIBLIOTECA CENTRO DI SERVIZIO SBA$2VAN15 912 $fN 912 $aVAN00100402 950 $aBIBLIOTECA CENTRO DI SERVIZIO SBA$d15CONS SBA EBOOK 91 $e15EB 91 20150429 996 $aFuturo dell'information & communication technology$91411444 997 $aUNICAMPANIA